000
00259nam a2200109Ia 4500
008
240625s9999 xx 000 0 und d
041
_a
eng
082
_a
658.4034 TAH
100
_a
TAHA HAMDY A
245
_a
OPERATIONS RESEARCH AN INTRODUCTION
260
_c
2006
999
_c
33862
_d
33862